[Event "GER-ch U16"]
[Site "Willingen"]
[Date "2023.05.28"]
[Round "2"]
[White "Reichmann, Felix"]
[Black "Pfeffer, Samuel"]
[Result "1-0"]
[WhiteElo "1976"]
[BlackElo "1504"]
[PlyCount "35"]
[EventDate "2023.05.27"]
[EventType "swiss"]
[EventRounds "9"]
[EventCountry "GER"]
[SourceTitle "CBM 214 Extra"]
[Source "ChessBase"]
[SourceDate "2023.07.31"]
[SourceVersion "1"]
[SourceVersionDate "2023.07.31"]
[SourceQuality "1"]

1. c4 c5 2. Nc3 Nc6 3. Nf3 e6 4. g3 g6 5. d4 cxd4 6. Nxd4 d5 7. cxd5 exd5 8. Bf4 a6 9. Bg2 Nge7 10. Nxc6 bxc6 11. Be5 Rg8 12. 0-0 Be6 13. Qa4 Qc8 14. e4 dxe4 15. Nxe4 Nd5 16. Nf6+ Nxf6 17. Bxf6 Bd6 18. Qxc6+ 1-0

[Event "Bremen Silvester op-B"]
[Site "Bremen"]
[Date "2022.12.29"]
[Round "5"]
[White "Pfeffer, Samuel"]
[Black "Schwalbe, Niclas"]
[Result "0-1"]
[WhiteElo "1510"]
[BlackElo "1507"]
[PlyCount "64"]
[EventDate "2022.12.27"]
[EventType "swiss"]
[EventRounds "7"]
[EventCountry "GER"]
[SourceTitle "CBM 211 Extra"]
[Source "ChessBase"]
[SourceDate "2023.01.31"]
[SourceVersion "1"]
[SourceVersionDate "2023.01.31"]
[SourceQuality "1"]

1. d4 d5 2. c4 dxc4 3. e4 e5 4. d5 Nf6 5. Nc3 c6 6. Bxc4 Bb4 7. Bg5 h6 8. Bxf6 Qxf6 9. Qb3 Bc5 10. 0-0-0 0-0 11. f3 Qg5+ 12. Kb1 Qxg2 13. Nge2 b5 14. Bd3 a6 15. dxc6 Be6 16. Nd5 Nxc6 17. Qc3 Nd4 18. Nef4 exf4 19. Qxc5 Nxf3 20. Nxf4 Qg5 21. Nxe6 fxe6 22. Qb6 e5 23. Ka1 Qf6 24. Qb7 Rad8 25. a4 Rf7 26. Bc4 Rxd1+ 27. Rxd1 bxc4 28. Qc8+ Rf8 29. Qxc4+ Kh8 30. Rd7 Nd4 31. Qc7 Qc6 32. Rxg7 Qxa4+ 0-1

[Event "GER-chT Lands U20"]
[Site "Neumuenster"]
[Date "2021.10.05"]
[Round "6.2"]
[White "Peglau, Charis"]
[Black "Pfeffer, Samuel"]
[Result "1-0"]
[WhiteElo "1820"]
[BlackElo "1497"]
[PlyCount "129"]
[EventDate "2021.10.01"]
[EventType "team-swiss"]
[EventRounds "7"]
[EventCountry "GER"]
[SourceTitle "CBM 204 Extra"]
[Source "ChessBase"]
[SourceDate "2021.11.30"]
[SourceVersion "1"]
[SourceVersionDate "2021.11.30"]
[SourceQuality "1"]
[WhiteTeam "Sachsen"]
[BlackTeam "Bremen/Niedersachsen"]
[WhiteTeamCountry "GER"]
[BlackTeamCountry "GER"]

1. d4 Nf6 2. c4 e6 3. Nf3 Bb4+ 4. Bd2 Qe7 5. a3 Bxd2+ 6. Qxd2 0-0 7. Nc3 d5 8. e3 c5 9. cxd5 exd5 10. dxc5 Qxc5 11. Be2 Nc6 12. 0-0 Bg4 13. Rac1 Qa5 14. Rfd1 Rad8 15. Nd4 Qc7 16. h3 Bxe2 17. Qxe2 Rfe8 18. Qf3 Qb6 19. b4 Ne5 20. Qg3 Ne4 21. Qf4 Ng6 22. Qf3 Ne5 23. Qe2 Nxc3 24. Rxc3 Nc4 25. Nf3 a5 26. Rb3 a4 27. Rc3 Qf6 28. Qc2 b5 29. Rd4 Re7 30. Rcd3 Red7 31. Nd2 Qe6 32. Nb1 Qg6 33. Rg4 Qf5 34. Rf4 Qg6 35. Qc3 Ne5 36. Rd1 Nc4 37. Rg4 d4 38. exd4 Qf6 39. Rd3 Qf5 40. Rd1 Rd5 41. Qg3 g6 42. Rf4 Qc2 43. Rf1 Kg7 44. Qf3 R8d7 45. Rxf7+ Rxf7 46. Qxd5 Rf5 47. Qd7+ Kh6 48. Qe7 Qd3 49. Qh4+ Kg7 50. Re1 Qc2 51. d5 Ne5 52. d6 Nd3 53. Re7+ Rf7 54. Qd4+ Kg8 55. Re8+ Rf8 56. Rxf8+ Kxf8 57. d7 Qc1+ 58. Kh2 Qc7+ 59. g3 Ke7 60. Qxd3 Kd8 61. Nc3 Qa7 62. Ne4 Qb7 63. Nc5 Qc6 64. Qe3 Kc7 65. Qe5+ 1-0

[Event "GER-ch U14"]
[Site "Willingen"]
[Date "2021.08.26"]
[Round "6"]
[White "Pfeffer, Samuel"]
[Black "Schwartz, Oliver"]
[Result "0-1"]
[WhiteElo "1487"]
[BlackElo "1896"]
[PlyCount "120"]
[EventDate "2021.08.22"]
[EventType "swiss"]
[EventRounds "9"]
[EventCountry "GER"]
[SourceTitle "EXT 2022"]
[Source "ChessBase"]
[SourceDate "2021.10.06"]
[SourceVersion "1"]
[SourceVersionDate "2021.10.06"]
[SourceQuality "1"]

1. d4 Nf6 2. c4 e6 3. Nc3 Bb4 4. g3 c5 5. Nf3 cxd4 6. Nxd4 0-0 7. Bg2 d5 8. 0-0 Nc6 9. a3 Bxc3 10. bxc3 Na5 11. cxd5 Nxd5 12. Qd3 Bd7 13. c4 Ne7 14. Bd2 Nac6 15. Nb5 Ne5 16. Qc3 Bc6 17. Bf4 N5g6 18. Be3 Bxg2 19. Kxg2 a6 20. Rfd1 Qc8 21. Nd6 Qc6+ 22. Kg1 Nd5 23. Qb3 Nxe3 24. Qxe3 b6 25. Rab1 Rab8 26. Qd4 Rfd8 27. e4 Rd7 28. e5 Rc7 29. Rdc1 Qc5 30. Qxc5 Rxc5 31. f4 Ne7 32. Ne4 Rcc8 33. c5 bxc5 34. Rxb8 Rxb8 35. Nxc5 a5 36. Rd1 Nd5 37. Nd7 Rb3 38. Rc1 Nc3 39. Nc5 Ne2+ 40. Kf2 Nxc1 41. Nxb3 Nxb3 42. Ke3 Kf8 43. Kd3 Ke7 44. Kc4 a4 45. Kb4 Kd7 46. Kxa4 Nd2 47. Kb5 Kc7 48. a4 Nf1 49. a5 Nxh2 50. a6 h5 51. a7 Kb7 52. a8Q+ Kxa8 53. Kc6 Nf1 54. Kd7 Nxg3 55. Ke7 h4 56. Kxf7 h3 57. Kxe6 h2 58. Kf7 h1Q 59. e6 Nf5 60. Kg6 Qe4 0-1